Gender As a Predictive Factor for Money Attitudes

Existencia rozdielov v prístupe k peniazom na základe pohlavia prostredníctvom komplexnej analýzy literatúry. Vzťahy medzi pohlavím ako biografickým faktorom a finančnými postojmi. Hlavné émocie súvisiace s peniazmi.

Guardado en:
Detalles Bibliográficos
Autor principal: Furtner, Reinhard, 1983-
Formato: Capítulo de libro
Lenguaje:inglés
Materias:
Etiquetas: Agregar Etiqueta
Sin Etiquetas, Sea el primero en etiquetar este registro!

MARC

LEADER 00000naa$a2200000$$$4500
001 0272510
005 20240502074308.2
041 0 |a eng 
044 |a SK 
245 1 0 |a Gender As a Predictive Factor for Money Attitudes  |c Reinhard Furtner 
520 |a Existencia rozdielov v prístupe k peniazom na základe pohlavia prostredníctvom komplexnej analýzy literatúry. Vzťahy medzi pohlavím ako biografickým faktorom a finančnými postojmi. Hlavné émocie súvisiace s peniazmi. 
610 2 0 |a ženy 
610 2 0 |a muži 
610 2 0 |a peniaze 
610 2 0 |a financie 
100 1 |a Furtner, Reinhard, 1983-